00545 2200181 4500001002100000005001500021035002000036007000300056008004100059020002200100082000800122084001400130100002800144245004600172250001700218260009500235300003300330INLIS00000000000039120240830111955 a0010-0824000005ta240830 g 0 ind  a978-602-244-427-5 a370 a370 HAN i0 aHanson Prihantoro Putro1 aInformatika :bKelas IX /cIkhsanul Putra aCet. Pertama aJakarta Selatan :bPusat Perbukuan, Badan standar, Kurikulum dan Asesmen Pendidikan,c2022 axvi, 304 hlm ;c17.6 x 25 cm